| 000 | 01250nam a2200253Ia 4500 | ||
|---|---|---|---|
| 999 |
_c38550 _d38550 |
||
| 001 | 4651 | ||
| 003 | GE_BSU | ||
| 005 | 20190510184301.0 | ||
| 008 | 181216s2003||||ge |||||||||||||| ||geo|| | ||
| 020 | _a9994073567 | ||
| 040 | _cGE_BSU | ||
| 041 | _ageo | ||
| 080 | _a324 მ–42 | ||
| 100 |
_aმაცაბერიძე,მალხაზ _91001 |
||
| 245 |
_aარჩევნები და საზოგადოება / _cმალხაზ მაცაბერიძე ; სერიის მთ. რედ : მარინე ჩიტაშვილი ; რედ : ლია კაჭარავა |
||
| 264 |
_aთბილისი .: _bმეცნიერება, _c2003. |
||
| 300 |
_a488გვ .; _c21სმ. |
||
| 440 |
_aსოციალურ მეცნიერებათაა სერია _91002 |
||
| 653 | _aარჩევნები და საზოგადოება | ||
| 653 | _aსაარჩევნო კამპანია | ||
| 700 |
_aჩიტაშვილი, მარინე _eსერიის მთავარი რედაქტორი _9977 |
||
| 700 |
_aკაჭარავა, ლია _eრედაქტორი _91003 |
||
| 942 |
_cBK _2udc |
||